|
|
|
|
| LEADER |
00000nam0a2200000 4500 |
| 001 |
342940 |
| 005 |
20231215092206.0 |
| 010 |
|
|
|a 9785917913056
|
| 035 |
|
|
|a (RuTPU)RU\TPU\book\372451
|
| 090 |
|
|
|a 342940
|
| 100 |
|
|
|a 20190517d2019 k y0rusy50 ca
|
| 101 |
0 |
|
|a rus
|
| 102 |
|
|
|a RU
|
| 105 |
|
|
|a a z 001zy
|
| 200 |
1 |
|
|a Изучение России современными историками Запада и Востока
|e коллективная монография
|f Н. В. Трубникова, И. Е. Рогаева, В. В. Агеева [и др.]
|g ред.-сост. Н. В. Трубникова
|
| 210 |
|
|
|a Москва
|c Квадрига
|d 2019
|
| 215 |
|
|
|a 262 с.
|c ил.
|
| 225 |
1 |
|
|a Исторические исследования
|
| 320 |
|
|
|a Библиогр.: с. 221-256
|
| 330 |
|
|
|a За рубежом в 1990-с гг. устаревшую советологию заменило россиеведение — комплексное междисциплинарное изучение российской цивилизации как живого межэтнического единства на базе мировой традиции цивилизационного подхода.Представленная коллективная монография посвящена анализу исследовательских практик современного мирового россиеведения. Исследование, основанное на тщательном изучении трудов зарубежных ученых, комплексно освещает современное состояние Russian studies в различных странах. Авторами проанализированы труды французских, англо-американских, немецких историографов, а также состояние русистики в ряде азиатских государств, что позволяет создать комплексное видение всех направлений современной русистики, выработать обобщенное историографическое представление по данной проблематике.
|
| 606 |
1 |
|
|a Историография зарубежная
|2 stltpush
|3 (RuTPU)RU\TPU\subj\72383
|9 85932
|
| 610 |
1 |
|
|a Россия
|
| 610 |
1 |
|
|a россиеведение
|
| 610 |
1 |
|
|a Франция
|
| 610 |
1 |
|
|a Англия
|
| 610 |
1 |
|
|a США
|
| 610 |
1 |
|
|a Германия
|
| 610 |
1 |
|
|a Китай
|
| 610 |
1 |
|
|a Япония
|
| 610 |
1 |
|
|a Корея
|
| 610 |
1 |
|
|a исторические исследования
|
| 686 |
|
|
|a Т1(0)
|2 rubbk
|
| 701 |
|
1 |
|a Трубникова
|b Н. В.
|c историк
|c профессор Томского политехнического университета, доктор исторических наук
|f 1973-
|g Наталья Валерьевна
|3 (RuTPU)RU\TPU\pers\25444
|
| 701 |
|
1 |
|a Рогаева
|b И. Е.
|c историк
|c ассистент кафедры Томского политехнического университета
|f 1990-
|g Ирина Евгеньевна
|3 (RuTPU)RU\TPU\pers\33581
|
| 701 |
|
1 |
|a Агеева
|b В. В.
|c историк
|c доцент Томского политехнического университета, кандидат исторических наук
|f 1986-
|g Вера Валентиновна
|3 (RuTPU)RU\TPU\pers\30309
|9 14655
|
| 701 |
|
1 |
|a Штанько
|b М. А.
|c философ
|c доцент Томского политехнического университета, кандидат философских наук
|f 1976-
|g Марина Александровна
|3 (RuTPU)RU\TPU\pers\25569
|
| 701 |
|
1 |
|a Андронова
|b Л. А.
|c историк
|c доцент Томского политехнического университета, кандидат исторических наук
|f 1985-
|g Лариса Александровна
|3 (RuTPU)RU\TPU\pers\33384
|
| 701 |
|
1 |
|a Котов
|b А. С.
|c историк
|c доцент Томского политехнического университета, кандидат исторических наук
|f 1981-
|g Антон Сергеевич
|3 (RuTPU)RU\TPU\pers\32352
|
| 702 |
|
1 |
|a Трубникова
|b Н. В.
|c историк
|c профессор Томского политехнического университета, доктор исторических наук
|f 1973-
|g Наталья Валерьевна
|3 (RuTPU)RU\TPU\pers\25444
|4 220
|
| 801 |
|
1 |
|a RU
|b 63413507
|c 20190517
|
| 801 |
|
2 |
|a RU
|b 63413507
|c 20211201
|g RCR
|
| 942 |
|
|
|c BK
|